000
00332nam a2200133Ia 4500
008
240624s9999 xx 000 0 und d
041
_a
eng
082
_a
006.74 XIE
100
_a
XIE YIHUI
245
_a
R MARKDOWN THE DEFINITIVE GUIDE
260
_c
2019
_a
London
_b
CRC Press
300
_a
xxxiv, 303 p.; 23 cm.
365
_c
BPS
_b
35
999
_c
31606
_d
31606